000 00685nam a22002177a 4500
003 UA-OsUOA
001 63037
007 ta
008 20090916b un ||||| |||| 00| 0 ukr d
100 _aГнатів О.А.
090 _a330(477)
_bГ56
942 _cSA
040 _aUA-OsUOA
_bukr
_cUA-OsUOA
_dUA-OsUOA
245 _aТаргетування інфляції як оптимальний режим монетарної політики в Україні
300 _aС.119-126
955 _a0
041 _aukr
080 _a330(477)
773 0 _w63034
_tРегіональна економіка
_dЛьвів
_d2009
_g2
650 7 _a330 Економіка взагалі
_2UDC
999 _c349130
_d349130